| 000 | 00736nam a2200241 i 4500 | ||
|---|---|---|---|
| 001 | 69541 | ||
| 003 | ES-MaACL | ||
| 005 | 20241011170549.0 | ||
| 007 | t| | ||
| 008 | 040707s1985 sp ||||1| spa d | ||
| 020 | _a84-233-1436-7 | ||
| 100 | 1 |
_aGarcía Domínguez, Ramón. _954548 |
|
| 245 | 1 | 0 |
_aMiguel Delibes _b: un hombre, un paisaje, una pasión / _cRamón García Domínguez. |
| 250 | _a1ª ed. | ||
| 260 |
_aBarcelona : _bDestino, _c1985. |
||
| 300 |
_a99 p., 8 lám. ; _c18 cm. |
||
| 490 | 1 |
_aDestinolibro ; _v237 |
|
| 504 | _aBibliografía: p. 85-99. | ||
| 600 | 1 | 4 |
_aDelibes, Miguel, _d1920-2010 _xBiografías _9172238 |
| 830 | 1 |
_aDestinolibro _v237 _9178615 |
|
| 852 |
_aES-MaACL _jL-10358 |
||
| 999 |
_c69541 _d69541 |
||